Ganong's review of medical physiology. (24th ed.) (Record no. 63894)

MARC details
000 -LEADER
fixed length control field 00539nam a2200193 a 4500
005 - DATE AND TIME OF LATEST TRANSACTION
control field 20251015134144.0
008 - FIXED-LENGTH DATA ELEMENTS--GENERAL INFORMATION
fixed length control field 140415s2012 ||||||||||||||||| || u
020 ## - INTERNATIONAL STANDARD BOOK NUMBER
International Standard Book Number 9781259009624
040 ## - CATALOGING SOURCE
Transcribing agency cbuLib
050 ## - LIBRARY OF CONGRESS CALL NUMBER
Classification number QP 34.5 Rev
100 ## - MAIN ENTRY--PERSONAL NAME
Personal name Barrett, Kim E
245 10 - TITLE STATEMENT
Title Ganong's review of medical physiology. (24th ed.)
Statement of responsibility, etc. by Kim E. Barrett [and others]
250 ## - EDITION STATEMENT
Edition statement 24th ed.
260 ## - PUBLICATION, DISTRIBUTION, ETC.
Place of publication, distribution, etc. New York:
Name of publisher, distributor, etc. McGraw-Hill Medical
Date of publication, distribution, etc. 2012
300 ## - PHYSICAL DESCRIPTION
Extent viii, 762p.: ill.
650 ## - SUBJECT ADDED ENTRY--TOPICAL TERM
Topical term or geographic name entry element PHYSIOLOGY
650 #0 - SUBJECT ADDED ENTRY--TOPICAL TERM
Topical term or geographic name entry element HUMAN PHYSIOLOGY
942 ## - ADDED ENTRY ELEMENTS (KOHA)
Koha item type MONOGRAPH
999 ## -
-- 63894
-- 63894
Holdings
Withdrawn status Lost status Source of classification or shelving scheme Damaged status Not for loan Permanent Location Current Location Date acquired Total Checkouts Total Renewals Full call number Barcode Date last seen Date last checked out Copy number Price effective from Koha item type Shelving location
          CBU-SCHOOL OF MEDICINE LIBRARY, NDOLA. CBU-SCHOOL OF MEDICINE LIBRARY, NDOLA. 02/01/2023 6 1 QP 34.5 Rev 902392 02/18/2026 01/19/2026 1 02/01/2023 MONOGRAPH  
          CBU-SCHOOL OF MEDICINE LIBRARY, NDOLA. CBU-SCHOOL OF MEDICINE LIBRARY, NDOLA. 02/01/2023     QP 34.5 Rev 902393 02/01/2023   2 02/01/2023 MONOGRAPH  
          CBU-SCHOOL OF MEDICINE LIBRARY, NDOLA. CBU-SCHOOL OF MEDICINE LIBRARY, NDOLA. 02/01/2023     QP 34.5 Rev 902394 02/01/2023   3 02/01/2023 MONOGRAPH